000 01293nam0a22002891 4500
001 rc\4397259
005 20130416150608.9
021 _aRU
_bРг2525-59
035 _a(NLR Aleph) 008296525
090 _a8609152
_c8609152
100 _a20130416d1958 |||y0rusy50 ca
101 0 _arus
102 _aRU
105 _aa z |||||
200 1 _aДвигатель ГАЗ-МК для комбайна
_eИнструкция по уходу
_fРСФСР. Совет нар. хозяйства Горьковск. экон. адм. района. Горьковск. ордена Ленина, ордена Трудового Красного Знамени и ордена Отечеств. войны первой степени автомобильный завод
205 _a21-е изд.
210 _aГорький
_cБ. и.
_d1958
215 _a36 с.
_cсхем.
_d20
300 _aВ конце текста сост.: Д.М. Гороховский и Ю.С. Киреев
702 1 _aГороховский
_bД. М.
_4220
702 1 _aКиреев
_bЮ. С.
_4220
712 0 2 _aГорьковский автомобильный завод
_3RU\NLR\AUTH\8810002476
801 0 _aRU
_bNLR
_gpsbo
801 1 _aRU
_bELAR
_2rusmarc
852 _aNLR
_j59-4/5793
942 _cBOOK
980 _aNB